000 00620nam a2200229 i 4500
001 C2-0027702
003 PPAK
005 20190630222010.0
008 991231s1987 enk|||| ||||| | ||eng d
040 _aPPAK
_beng
_cPPAK
_erda
082 0 4 _a746.44
_223
090 0 0 _a746.44
_bDEC
_dR
245 0 0 _aDecorative home embroidery
264 1 _aLondon :
_bConran Octopus ,
_c1987
300 _a80 pages :
_bcolour illustrations ;
_c28 cm
336 _2rdacontent
_atext
337 _2rdamedia
_aunmediated
338 _2rdacarrier
_avolume
650 1 0 _aEmbroidery.
700 1 _aMansour, Diana,
_eeditor
942 _ddc
_cB
999 _c5025
_d5025